01019nam a22002057a 4500003000800000008004100008037002000049040003500069041000800104080000900112100002900121245018400150260011800334300002300452502011700475650008800592650008500680655002300765700002500788BI-BuBU260421b2025 bd fr|||| 000 0 fre d bDon de l'auteur aBI-BuBUbfrecBI-BuBUdBI-BuBU0 afre a347.1 4aut.aKubwimana, Vianney13aL'impact des voies de recours sur le délai raisonnable d'un procès équitable en matière civile et pénale en droit BurundaiscVianney Kubwimana ; David Kwizera, directeur aBujumburabUniversité du Burundi, Faculté des Sciences Politiques et Juridiques, département de droitc2025 aXIII-98 f.c30 cm. aMémoire présenté et soutenu publiquement en vue de l'obtention du diplôme de master en droit judiciaire. 72BI-BuBUaDroit Burundais xMatière pénalexDélai raisonnablexVoie de recours 72BI-BuBUaDroit BurundaisxMatière civilexDélai raisonnablexVoie de recours 72BI-BuBUaMémoire1 4dir.aKwizera, David